01854agaaa2200277 45000010005000000030009000050050017000140070009000310080040000400400023000800410013001031000068001161300050001842450184002342500022004182600095004403000033005355080034005685200668006025380016012705460013012866500075012997000060013747000062014347000080014960802IT-RoPAU20220918181227.0d cvaizq50131s9999||||xx ||| | || ||und|| aIT-RoPAUcIT-RoPAU aITALIANO aJudica Cordiglia Giovanni BattistagCodice regista SPICS: 50437 aGOLGOTHA ORA NONA-SINDONE LA SCIENZA RISPONDE aGOLGOTHA ORA NONA-SINDONE LA SCIENZA RISPONDEcDiretto da: Judica Cordiglia Giovanni BattistapGOLGOTHA ORA NONA-SINDONE LA SCIENZA RISPONDE (Rif. Codice opera principale : F0802) aEdizione Standard aMILANO (ITALIA)bAUDIOVISIVI SAN PAOLO / g"1998 (1° ed.: 1998 ; Ed. Lingua Orig.: 1998)" aVHSbsonoro, col.c60 minuti a"Musica: Castagnoli Giulio; " a"L'IMPRONTA DELL'UOMO DELLA SINDONE RACCONTA MISTERO E SOFFERENZA. LE ANALOGIE, TRA I SUPPLIZI SOFFERTI DALL'UOMO DELLA SINDONE ED IL GESU' DEI VANGELI, SORPRENDONO E LA SCIENZA INDAGA PER TROVARE CERTEZZE. IL FILM SI SNODA TRA IPOTESI E CONFERME, LUCI ED OMBRE CHE LASCIANO TURBATI, RIVELANDO I PIU'DETTAGLI DI QUESTA STRAORDINARIA FIGURA CHE, SEBBENE UMILIATA DALLA SOFFERENZA, POSSIEDE ""IN SOMMO GRADO QUELLA BELLEZZA CORPORALE CHE SPETTAVA AL SUO SANTO"", COME DICE TOMMASO D'AQUINO.INTERVENTI DI BAIMA BOLLONE, BALOSSINO, BARBERIS, BUCKLING, GHIBERTI, JACKSON, JUDICA CORDIGLIA, LINDNER, MARIOTTI LIPPI, MORGAN, MORONI, PFEIFFER, RODANTE, SCAVONE, ZACCONE." aPAL, STEREO aITALIANO aDOCUMENTARIOeTV-PROGRAMMI RELIGIOSI [VHS]xCodice MATERIA SPICS: 9963 aCastagnoli Giulioe(musica)gCodice Musica SPICS: 50439 aFurbatto Laura e(soggetto)gCodice Soggetto SPICS: 50438 aJudica Cordiglia Giovanni Battista e(regista)gCodice regista SPICS: 50437